| 000 | 00644nam a2200193Ia 4500 | ||
|---|---|---|---|
| 003 | GCL | ||
| 008 | 140319s9999 xx 000 0 ara d | ||
| 040 |
_aGCL / _cGCL |
||
| 082 | 0 | 4 |
_aق _b709.1 _bس ف |
| 100 | 1 | _aسمير الصايغ | |
| 245 | 1 | 0 |
_aالفن الاسلامى : قراءه تاملية فى فلسفة وخصائصة الجمالية / _cسمير الصايغ |
| 260 |
_aبيروت : _bدار المعرفة ، _c1988 |
||
| 300 |
_a415 ص ؛ _c24 سم |
||
| 490 | _a | ||
| 650 | 0 | 4 | _aالعمارة الاسلامية |
| 650 | 0 | 4 | _aالعالم الاسلامى |
| 650 | 0 | 4 | _aالفن الاسلامى |
| 942 |
_2ddc _cBK |
||
| 999 |
_c57925 _d57925 |
||